00000000cam 2200000zi 4500
0019.962725
003CaOODSP
00520260512102941
006m     o  d f      
007cr |n|||||||||
008260512e199205##onca    o    f000 0 eng d
020 |z0662195736
040 |aCaOODSP|beng|erda|cCaOODSP
043 |an-cn---
0861 |aH93-104/1992E-PDF|zH93-104/1992E
1101 |aCanada. |bMinister's Task Force on Federal Sport Policy, |eauthor, |eissuing body.
24510|aSport, the way ahead : |bthe report of the Minister's Task Force on Federal Sport Policy.
264 1|a[Ottawa] : |bThe Task Force, |cMay 1992.
264 4|c©1992
300 |a1 online resource (311 pages) : |billustrations
336 |atext|btxt|2rdacontent
337 |acomputer|bc|2rdamedia
338 |aonline resource|bcr|2rdacarrier
500 |aIssued also in French under title: Le sport, un pas d'avance, rapport du Groupe de travail du Ministre sur la politique fédérale en matière de sport.
500 |a"Published by the authority of the Minister of State, Fitness and Amateur Sport."
650 5|aSports|zCanada.
650 0|aSports and state|zCanada.
7101 |aCanada.|bHealth and Welfare Canada. |bFitness and Amateur Sport, |eissuing body.
77508|tLe sport, un pas d'avance : |w(CaOODSP)9.962726
7760#|tSport: the way ahead: the report of the Minister's Task Force on Federal Sport Policy |w(CaOODSP)9.645087
85640|qPDF|s69.0 MB|uhttps://publications.gc.ca/collections/collection_2026/pch/H93-104-1992-eng.pdf